Lí thuyết tài chính
Na minha lista:
| Autor principal: | |
|---|---|
| Formato: | Livro |
| Idioma: | Undetermined |
| Publicado em: |
Tp. HCM
Trường Đại học Tài Chính - Kế toán Tp. HCM
1996
|
| Assuntos: | |
| Tags: |
Adicionar Tag
Sem tags, seja o primeiro a adicionar uma tag!
|
| Thư viện lưu trữ: | Trung tâm Học liệu Trường Đại học Cần Thơ |
|---|
| LEADER | 00537nam a2200169Ia 4500 | ||
|---|---|---|---|
| 001 | CTU_28848 | ||
| 008 | 210402s9999 xx 000 0 und d | ||
| 082 | |a 332.1 | ||
| 082 | |b M312/1996 | ||
| 100 | |a Dương Thị Bình Minh...[et al.] | ||
| 245 | 0 | |a Lí thuyết tài chính | |
| 245 | 0 | |c Dương Thị Bình Minh...[et al.] | |
| 260 | |a Tp. HCM | ||
| 260 | |b Trường Đại học Tài Chính - Kế toán Tp. HCM | ||
| 260 | |c 1996 | ||
| 650 | |a finance | ||
| 980 | |a Trung tâm Học liệu Trường Đại học Cần Thơ | ||